Bước đường cùng Tiểu thuyết
v.v..
Đã lưu trong:
| Tác giả chính: | |
|---|---|
| Định dạng: | Sách |
| Năm xuất bản: |
H.
Hội nhà văn
1997
|
| Series: | Tủ sách chọn lọc
|
| Chủ đề: | |
| Tags: |
Thêm thẻ
Không có thẻ, Hãy là người đầu tiên gắn thẻ bản ghi này!
|
| LEADER | 01130nam a2200217 4500 | ||
|---|---|---|---|
| 082 | |a 895.922332 |b NG527C | ||
| 100 | |a Nguyễn Công Hoan | ||
| 245 | |a Bước đường cùng |c Nguyễn Công Hoan |b Tiểu thuyết | ||
| 260 | |a H. |b Hội nhà văn |c 1997 | ||
| 300 | |a 278 tr. |c 19 cm. | ||
| 490 | |a Tủ sách chọn lọc | ||
| 520 | |a v.v.. | ||
| 653 | |a Văn học cận đại | ||
| 653 | |a Việt Nam | ||
| 653 | |a Tiểu thuyết | ||
| 942 | |2 ddc |c STK0 | ||
| 999 | |c 4772 |d 4772 | ||
| 952 | |0 0 |1 0 |2 ddc |4 0 |6 895_922332000000000_NG527C |7 0 |8 800 |9 44995 |a qbu |b qbu |c D5 |d 2014-12-20 |g 22000 |l 1 |m 1 |o 895.922332 NG527C |p 774.c1 |r 2016-10-18 |s 2016-10-05 |w 2014-12-20 |y STK0 | ||
| 952 | |0 0 |1 0 |2 ddc |4 0 |6 895_922332000000000_NG527C |7 0 |8 800 |9 44996 |a qbu |b qbu |c D5 |d 2014-12-20 |g 22000 |o 895.922332 NG527C |p 774.c2 |r 0000-00-00 |w 2014-12-20 |y STK0 | ||
| 952 | |0 0 |1 0 |2 ddc |4 0 |6 895_922332000000000_NG527C |7 0 |8 800 |9 44997 |a qbu |b qbu |c D5 |d 2014-12-20 |g 22000 |o 895.922332 NG527C |p 774.c3 |r 0000-00-00 |w 2014-12-20 |y STK0 | ||
| 952 | |0 0 |1 0 |2 ddc |4 0 |6 895_922332000000000_NG527C |7 0 |8 800 |9 44998 |a qbu |b qbu |c D5 |d 2014-12-20 |g 22000 |o 895.922332 NG527C |p 774.c4 |r 0000-00-00 |w 2014-12-20 |y STK0 | ||